| 000 | 00504nam a22001937a 4500 | ||
|---|---|---|---|
| 003 | OSt | ||
| 005 | 20160606152304.0 | ||
| 008 | 160606b xxu||||| |||| 00| 0 eng d | ||
| 020 | _a1582551340 | ||
| 040 | _cDLMN. | ||
| 082 | _aQV748D74k 2002. | ||
| 100 |
_aJackson,Kate; _99212 |
||
| 245 | _aDosage Calculations. | ||
| 260 |
_aPennsyvania. _bSpringhouse. _c2002. |
||
| 300 |
_avi,309p; _bcol,ill; _c25cm. |
||
| 504 | _aincludes Glossary and Index. | ||
| 650 |
_aPharmacology. _9357 |
||
| 942 |
_2z _cO_SHELF |
||
| 999 |
_c4271 _d4271 |
||